Statistics for WWE/WCW Top 30 Wrestlers of the 90s

Click here to take the quiz!

General Stats

  • This quiz has been taken 873 times
  • The average score is 15 of 30

Answer Stats

HintAnswer% Correct
1Hulk Hogan
91%
2Stone Cold Steve Austin
88%
5The Rock
85%
7Shawn Michaels
85%
11The Undertaker
85%
23Triple H
83%
6Bret Hart
79%
13Kevin Nash
78%
22Scott Hall
75%
29Kane
74%
8Sting
72%
4Ric Flair
69%
3Macho Man Randy Savage
62%
12Goldberg
58%
15Mankind
55%
9The Ultimate Warrior
51%
26Chris Jericho
41%
25Yokozuna
39%
28Sid Vicious
28%
10Andre the Giant
26%
14Vader
25%
20Mr. Perfect
24%
17Roddy Piper
22%
24Rey Mysterio
20%
19Ted Dibiase
17%
21Rick Rude
16%
18Ricky Steamboat
13%
27Jimmy Snuka
5%
16The Road Warriors
4%
30The Steiner Brothers
1%

Score Distribution

Percentile by Number Answered

Percent of People with Each Score

Your Score History

You have not taken this quiz